|
|
|
|
| LEADER |
00000nab a2200000 a 4500 |
| 001 |
vtls000765730 |
| 003 |
SK-MaSNL |
| 005 |
20260304121429.0 |
| 008 |
250429c2001 xo 0 slo |
| 015 |
|
|
|a SNBRB2001/08-24251
|
| 035 |
|
|
|a CLN000117517
|
| 035 |
|
|
|a urn:nbn:sk:snk-ab1itk
|
| 035 |
|
|
|a (urnnbn)urn:nbn:sk:snk:ar-004567
|
| 035 |
|
|
|a (uuid)014bba4d-c412-4adc-a9ac-e42a93963381
|
| 040 |
|
|
|a SNKBUCL
|b slo
|c SNKBUCL
|e AACR2
|
| 041 |
0 |
|
|a slo
|
| 044 |
|
|
|a xo
|c SK
|
| 080 |
|
|
|a 936
|2 1997
|
| 100 |
1 |
|
|a Zemančík, Jaroslav
|4 aut
|9 1340609
|
| 245 |
1 |
0 |
|a Starovekí lovci lebiek
|b Kelti - národ, ktorý prišiel z temnôt a dobyl Rím
|c Jaroslav Zemančík
|
| 300 |
|
|
|b Fotogr.
|
| 650 |
0 |
7 |
|a Kelti
|2 snkbucl
|9 21276
|
| 655 |
|
7 |
|a články z novín a časopisov
|2 snkbucl
|9 267496
|
| 773 |
0 |
|
|t Historická revue
|g Roč. 12, č. 4 (2001), s. 6-7
|x 1335-6550
|
| 850 |
|
|
|a Slovenská národná knižnica
|
| 852 |
|
|
|a Slovenská národná knižnica
|
| 954 |
|
|
|a odborná, vedecká literatúra pôvodná (slovenská)
|2 lita
|
| 958 |
|
|
|a article27
|
| 958 |
|
|
|a OND
|
| 958 |
|
|
|a EUIPO
|
| 992 |
|
|
|a RBX
|
| 999 |
|
|
|c 2885039
|d 2886969
|